000 00601cam a22002291 4500
001 sa 67004840
003 DLC
005 20260227112351.0
008 890426s1965 ii ac b 000 0 telo
010 _asa 67004840
035 _a(OCoLC)19609187
040 _aDLC
_cWaU
_dDLC
042 _apremarc
050 0 0 _aDS479.1.T54
_bP3
100 1 _aParthasarathy, N. C. S.
245 0 0 _aBālagaṅgādhara Tilak.
260 _c1965.
300 _aii, 146, [1] p.
_billus., ports.
_c22 cm.
500 _aIn Telugu.
504 _aBibliography: p. [147]
600 1 0 _aTilak, Bal Gangadhar,
_d1856-1920.
999 _c74802
_d74802